00327nam a2200133Ia 4500008004100000020001500041041001200056082001600068100001700084245004900101260002800150300000800178650000700186221030s9999 xx 000 0 und d a8172247850 aEnglish a105.23bLev aW. S. Levine 4aThe Control Handbook Vol. Icby W. S. Levine bJaico PubaMumbaic1999 a814 aEE